ბათუმის შოთა რუსთაველის სახელმწიფო უნივერსიტეტის ბიბლიოთეკა

დედაენა : (ბიბ.ჩანაწერი № 54782)

000 -ლიდერი
ფიქსირებული სიგრძის საკონტროლო ველი 01424nam a2200301Ia 4500
001 - საკონტროლო ნომერი
საკონტროლო ველი 21850
003 - საკონტროლო ნომრის იდენტიფიკატორი
საკონტროლო ველი GE_BSU
005 - ბოლო ოპერაციის თარიღი და დრო
საკონტროლო ველი 20220524173827.0
008 - ფიქსირებული სიგრძის მონაცემთა ელემენტები - ზოგადი ინფორმაცია
ფიქსირებული სიგრძის საკონტროლო ველი 181216s ||||ge |||||||||||||| ||geo||
020 ## - წიგნის საერთაშორისო სტანდარტული ნომერი
International Standard Book Number 99940-66-01-3
040 ## - კატალოგიზაციის წყარო
Transcribing agency GE_BSU
041 ## - ენის კოდი
Language code of text/sound track or separate title geo
080 ## - უნივერსალური ათობითი კლასიფიკაციის ინდექსი
Universal Decimal Classification number 811.353.1-8(075.3) მ-40
100 ## - მთავარი ჩანაწერი - პიროვნების სახელი
Personal name როდონაია, ვ.
9 (RLIN) 13828
245 ## - ცნობა სათაურის შესახებ
Title დედაენა :
Remainder of title 1-ლი კლასი /
Statement of responsibility, etc ვ. როდონაია, მ. მირიანაშვილი, ლ. ვაშაკიძე, ქ. თოფაძე ; მხატვ. ნინო ფერაძე.
264 ## - წარმოების, გამოცემის, დისტრიბუციის და სხვა ცნობები
გამოცემის, წარმოების, დისტრიბუციის... ადგილი თბილისი :
გამოცემის, წარმოების, დისტრიბუციის... სახელწოდება საქართველოს მაცნე,
გამოცემის, წარმოების, დისტრიბუციის... თარიღი 2006.
300 ## - ფიზიკური აღწერა
Extent 112 გვ. :
Other physical details ილ. ;
Dimensions 29 სმ.
500 ## - ზოგადი შენიშვნა
General note პილოტირებულია... პროექტ "ილია ჭავჭავაძის" ფარგლებში 2005-06 სასწ. წელი
653 ## - INDEX TERM--UNCONTROLLED
Uncontrolled term დედაენა
653 ## - INDEX TERM--UNCONTROLLED
Uncontrolled term 1-ლი კლასი
653 ## - INDEX TERM--UNCONTROLLED
Uncontrolled term ქართული ენა
700 ## - ADDED ENTRY--PERSONAL NAME
Personal name მირიანაშვილი, მ.
Relator term ავტორი
9 (RLIN) 13829
700 ## - ADDED ENTRY--PERSONAL NAME
Personal name ვაშაკიძე, ლ.
Relator term ავტორი
9 (RLIN) 13830
700 ## - ADDED ENTRY--PERSONAL NAME
Personal name თოფაძე, ქ.
Relator term ავტორი
9 (RLIN) 13831
700 ## - ADDED ENTRY--PERSONAL NAME
Personal name ფერაძე, ნინო
Relator term მხატვარი
9 (RLIN) 13832
942 ## - ADDED ENTRY ELEMENTS (KOHA)
Koha item type წიგნი
Source of classification or shelving scheme
ეგზემპლარები
ჩამოწერის სტატუსი დაკარგული ეგზემპლარის სტატუსი კლასიფიკაციის წყარო ან თაროზე გაწყობის სქემა დაზიანების სტატუსი არ გაიცემა მუდმივი მდებარეობა (დაცვის ადგილი) ამჟამინდელი ადგილსამყოფელი თაროზე განთავსების ადგილი შეძენის თარიღი ღირებულება, შესყიდვის ნორმალური ფასი სრული შენახვის შიფრი შტრიხკოდი ბოლო ოპერაციის თარიღი ეგზემპლარის მიმდევრობითი ნომერი (კეტერი?) ფასის ძალაში შესვლის თარიღი ეგზემპლარის სახეობა საჯარო შენიშვნა
          ბათუმის შოთა რუსთაველის სახელმწიფო უნივერსიტეტის მთავარი ბიბლიოთეკა ბათუმის შოთა რუსთაველის სახელმწიფო უნივერსიტეტის მთავარი ბიბლიოთეკა წიგნსაცავი 2018-12-17 10.00 811.353.1-8(075.3) დ-40 56305 2018-12-17 56305 2018-12-17 წიგნი 10.00₾.
          ბათუმის შოთა რუსთაველის სახელმწიფო უნივერსიტეტის მთავარი ბიბლიოთეკა ბათუმის შოთა რუსთაველის სახელმწიფო უნივერსიტეტის მთავარი ბიბლიოთეკა წიგნსაცავი 2018-12-17 10.00 811.353.1-8(075.3) დ-40 56306 2018-12-17 56306 2018-12-17 წიგნი 10.00₾.
          ბათუმის შოთა რუსთაველის სახელმწიფო უნივერსიტეტის მთავარი ბიბლიოთეკა ბათუმის შოთა რუსთაველის სახელმწიფო უნივერსიტეტის მთავარი ბიბლიოთეკა წიგნსაცავი 2018-12-17 10.00 811.353.1-8(075.3) დ-40 56307 2018-12-17 56307 2018-12-17 წიგნი 10.00₾.
          ბათუმის შოთა რუსთაველის სახელმწიფო უნივერსიტეტის მთავარი ბიბლიოთეკა ბათუმის შოთა რუსთაველის სახელმწიფო უნივერსიტეტის მთავარი ბიბლიოთეკა წიგნსაცავი 2018-12-17 10.00 811.353.1-8(075.3) დ-40 56308 2018-12-17 56308 2018-12-17 წიგნი 10.00₾.
          ბათუმის შოთა რუსთაველის სახელმწიფო უნივერსიტეტის მთავარი ბიბლიოთეკა ბათუმის შოთა რუსთაველის სახელმწიფო უნივერსიტეტის მთავარი ბიბლიოთეკა წიგნსაცავი 2018-12-17 10.00 811.353.1-8(075.3) დ-40 56309 2018-12-17 56309 2018-12-17 წიგნი 10.00₾.
          ბათუმის შოთა რუსთაველის სახელმწიფო უნივერსიტეტის მთავარი ბიბლიოთეკა ბათუმის შოთა რუსთაველის სახელმწიფო უნივერსიტეტის მთავარი ბიბლიოთეკა წიგნსაცავი 2018-12-17 10.00 811.353.1-8(075.3) დ-40 56310 2018-12-17 56310 2018-12-17 წიგნი 10.00₾.
          ბათუმის შოთა რუსთაველის სახელმწიფო უნივერსიტეტის მთავარი ბიბლიოთეკა ბათუმის შოთა რუსთაველის სახელმწიფო უნივერსიტეტის მთავარი ბიბლიოთეკა წიგნსაცავი 2018-12-17 10.00 811.353.1-8(075.3) დ-40 56311 2018-12-17 56311 2018-12-17 წიგნი 10.00₾.
          ბათუმის შოთა რუსთაველის სახელმწიფო უნივერსიტეტის მთავარი ბიბლიოთეკა ბათუმის შოთა რუსთაველის სახელმწიფო უნივერსიტეტის მთავარი ბიბლიოთეკა წიგნსაცავი 2018-12-17 10.00 811.353.1-8(075.3) დ-40 56312 2018-12-17 56312 2018-12-17 წიგნი 10.00₾.
          ბათუმის შოთა რუსთაველის სახელმწიფო უნივერსიტეტის მთავარი ბიბლიოთეკა ბათუმის შოთა რუსთაველის სახელმწიფო უნივერსიტეტის მთავარი ბიბლიოთეკა წიგნსაცავი 2018-12-17 10.00 811.353.1-8(075.3) დ-40 56313 2018-12-17 56313 2018-12-17 წიგნი 10.00₾.